| 000 -LEADER |
| fixed length control field |
00328nam a2200133Ia 4500 |
| 008 - FIXED-LENGTH DATA ELEMENTS--GENERAL INFORMATION |
| fixed length control field |
200103s9999||||xx |||||||||||||| ||und|| |
| 082 ## - DEWEY DECIMAL CLASSIFICATION NUMBER |
| Classification number |
Column-44 |
| 100 ## - MAIN ENTRY--PERSONAL NAME |
| Personal name |
Smith, A. Funge |
| 245 #0 - TITLE STATEMENT |
| Title |
Introduction to marine engineering |
| 260 ## - PUBLICATION, DISTRIBUTION, ETC. (IMPRINT) |
| Name of publisher, distributor, etc |
Edward Arnold & Co., London |
| Date of publication, distribution, etc |
1946 |
| 300 ## - PHYSICAL DESCRIPTION |
| Extent |
158 |
| 942 ## - ADDED ENTRY ELEMENTS (KOHA) |
| Item type |
Books |